| 000 | 01221cam a22003497a 4500 | ||
|---|---|---|---|
| 001 | 6100 | ||
| 003 | FISKH | ||
| 005 | 20250313084432.0 | ||
| 008 | 111025s2011 nyua j 000 1 eng | ||
| 010 | _a 2011275000 | ||
| 020 | _a9780316186346 (pbk.) | ||
| 020 | _a0316186341 (pbk.) | ||
| 020 | _a9780316186346 | ||
| 040 |
_aDLC _cDLC _beng |
||
| 050 | _aPZ7.T85485 L | ||
| 082 | _a509 | ||
| 100 | 1 | _aTurner, Katharine. | |
| 245 | 1 | 4 |
_aThe lost Autobot / _cadapted by Katharine Turner ; illustrated by Guido Guidi ; based on the screenplay by Ehren Kruger. |
| 260 |
_aNew York : _bLittle, Brown, _c2011. |
||
| 300 |
_a32 pages : _bcolor illustrations ; _c23 cm |
||
| 490 | 0 | _aPassport to reading. 2 | |
| 500 | _aAt head of title: Transformers, dark of the Moon. | ||
| 505 | _aK | ||
| 520 | _aWhen the Auto bots discover a lost friend in an unlikely place, they must find a way to bring him back to life to let him help them fight the evil Decepticons. | ||
| 521 | 8 |
_a510
_bLexile estimate |
|
| 521 | 8 |
_aK
_bRaz-Plus |
|
| 650 |
_aAutobots _vTransformers |
||
| 700 | 1 |
_aGuidi, Guido _eillustrator |
|
| 906 |
_a7 _bcbc _corigres _d2 _encip _f20 _gy-gencatlg |
||
| 942 |
_2ddc _cBK _n0 |
||
| 999 |
_c6100 _d6100 |
||